[Event "PRO League Group Stage"]
[Site "chess.com INT"]
[Date "2018.01.25"]
[Round "2"]
[White "Valner, Uku"]
[Black "Gorozhanin, Mikhail"]
[Result "0-1"]
[BlackTitle "FM"]
[WhiteElo "2211"]
[BlackElo "2435"]
[WhiteTeam "Estonia Horses"]
[BlackTeam "Volga Stormbringers"]
[WhiteFideId "4502205"]
[BlackFideId "4178262"]
[EventDate "2018.01.18"]

1. e4 e6 2. d4 d5 3. e5 c5 4. c3 Qb6 5. Nf3 Nc6 6. a3 Nh6 7. b4 cxd4 8. cxd4 Nf5
9. Bb2 Bd7 10. g4 Nfe7 11. Nc3 Ng6 12. Na4 Qd8 13. h3 h5 14. Rg1 hxg4 15. hxg4
Rc8 16. Nc5 Bxc5 17. dxc5 Nce7 18. Qd2 Ba4 19. Bd4 a6 20. Qe3 Nc6 21. Bd3 Nh4
22. Nxh4 Qxh4 23. Kd2 Kd7 24. Raf1 Qh3 25. Rg3 Qh2 26. Kc3 Rh4 27. Qf3 Rf8 28.
Qe3 Rfh8 29. Rfg1 Rh3 30. Qf4 Rxg3 31. Qxg3 Qxg3 32. Rxg3 Rh1 33. f4 Bb5 34. Bf2
Ra1 35. Bxb5 axb5 36. Kb3 Rf1 37. Rg2 g5 38. fxg5 Nxe5 39. Bd4 Nc4 0-1

[Event "PRO League Group Stage"]
[Site "chess.com INT"]
[Date "2018.01.25"]
[Round "2"]
[White "Kanep, Meelis"]
[Black "Abdusattorov, Nodirbek"]
[Result "1-0"]
[WhiteTitle "GM"]
[BlackTitle "IM"]
[WhiteElo "2446"]
[BlackElo "2516"]
[WhiteTeam "Estonia Horses"]
[BlackTeam "Volga Stormbringers"]
[WhiteFideId "4501047"]
[BlackFideId "14204118"]
[EventDate "2018.01.18"]

1. d4 Nf6 2. Nf3 e6 3. c4 Bb4+ 4. Bd2 a5 5. g3 b6 6. Bg2 Bb7 7. O-O O-O 8. a3
Bxd2 9. Qxd2 a4 10. Nc3 Ne4 11. Nxe4 Bxe4 12. Rfd1 d6 13. Rac1 Nd7 14. Ne1 Bxg2
15. Kxg2 Qc8 16. Nd3 Qb7+ 17. Kg1 Ra5 18. c5 dxc5 19. dxc5 Nxc5 20. Nxc5 Rxc5
21. Rxc5 bxc5 22. Rc1 Qb5 23. Rc2 h6 24. Qc3 Rb8 25. Kg2 Qc6+ 26. f3 Rb3 27. Qc4
Qb5 28. Qxb5 Rxb5 29. Kf2 Kf8 30. Rc4 Ke7 31. Rxa4 Rxb2 32. Ke3 Kd6 33. Kd3 Ra2
34. Ra8 c4+ 35. Ke3 c3 36. h4 c2 37. Kd2 c1=Q+ 38. Kxc1 Rxe2 39. Rf8 f5 40. Rg8
Re3 41. Rxg7 Rxf3 42. Kb2 f4 43. gxf4 Rxf4 44. h5 Rf5 45. Kb3 Rxh5 46. a4 Kc6
47. Rg6 Kd6 48. Kb4 Rh4+ 49. Kb3 h5 50. a5 Re4 51. a6 Kc6 52. a7 Kb7 53. Rg7
Kxa7 54. Rxc7+ Kb6 55. Rh7 h4 56. Kc3 Kc6 57. Kd3 Ra4 58. Rh5 Kd6 59. Ke3 h3 60.
Rh8 Ke5 61. Rh5+ Kf6 62. Kf3 e5 63. Rh8 Ke7 64. Ke3 Kd6 65. Rd8+ Kc5 66. Rh8 Kd6
67. Rd8+ Ke7 68. Rh8 Kf6 69. Rh7 Ra2 70. Ke4 h2 71. Rh6+ Kg5 72. Rh8 Kg4 73.
Kxe5 Kg3 74. Ke4 Kg2 75. Rg8+ Kf1 76. Rh8 1-0

[Event "PRO League Group Stage"]
[Site "chess.com INT"]
[Date "2018.01.25"]
[Round "2"]
[White "Kanep, Meelis"]
[Black "Dudukin, Ilya"]
[Result "1-0"]
[WhiteTitle "GM"]
[BlackTitle "FM"]
[WhiteElo "2446"]
[BlackElo "2396"]
[WhiteTeam "Estonia Horses"]
[BlackTeam "Volga Stormbringers"]
[WhiteFideId "4501047"]
[BlackFideId "4148576"]
[EventDate "2018.01.18"]

1. d4 Nf6 2. Bg5 c5 3. d5 e5 4. dxe6 fxe6 5. e4 Nc6 6. Nc3 Be7 7. f4 d5 8. e5
Nd7 9. Nf3 Ndxe5 10. Nxe5 Nxe5 11. Bxe7 Qxe7 12. fxe5 O-O 13. Qg4 Rf5 14. O-O-O
Rxe5 15. g3 b5 16. Nxb5 Re4 17. Qf3 Rb8 18. Bd3 Qg5+ 19. Kb1 Re3 20. Qf2 c4 21.
Rhf1 Qe7 22. Bxc4 Re5 23. Qf4 Qf6 24. Qd4 Rf5 25. Rxf5 Qxf5 26. Qxa7 Qg4 27. Rf1
Rb7 28. Qc5 Rf7 29. Qxc8+ Rf8 30. Qxf8# 1-0

[Event "PRO League Group Stage"]
[Site "chess.com INT"]
[Date "2018.01.25"]
[Round "2"]
[White "Tang, Andrew"]
[Black "Della Morte, German"]
[Result "1/2-1/2"]
[WhiteTitle "IM"]
[BlackTitle "IM"]
[WhiteElo "2513"]
[BlackElo "2353"]
[WhiteTeam "Minnesota Blizzard"]
[BlackTeam "Buenos Aires Krakens"]
[WhiteFideId "2059630"]
[BlackFideId "113522"]
[EventDate "2018.01.18"]

1. d4 Nf6 2. c4 e6 3. Nc3 Bb4 4. Qc2 O-O 5. Nf3 d5 6. cxd5 exd5 7. Bg5 h6 8. Bh4
c5 9. dxc5 Nbd7 10. e3 Nxc5 11. Be2 g5 12. Bg3 Nfe4 13. Nd4 Qe7 14. O-O Bxc3 15.
bxc3 f5 16. Nf3 Bd7 17. c4 f4 18. exf4 gxf4 19. Bh4 Qg7 20. Kh1 d4 21. Qd1 Nc3
22. Qxd4 Qxd4 23. Nxd4 Nxe2 24. Nxe2 f3 25. gxf3 Rxf3 26. Rad1 Re8 27. Nd4 Rc3
28. f4 Rxc4 29. Bf6 Kf7 30. Be5 Rg8 31. h4 Rc3 32. Nf3 Rc2 33. Rc1 Rxc1 34. Rxc1
Ne4 35. Rc7 Ke8 36. Kh2 Rg6 37. Rxb7 Ra6 38. Rb2 Ra3 39. Nd4 Rh3+ 40. Kg1 Rxh4
41. Rb8+ Kf7 42. Rb7 Ke8 43. Rxa7 Rg4+ 44. Kh2 Rg6 45. a4 Rb6 46. f5 Rb2+ 47.
Kh3 Rf2 48. Kg4 Rf1 49. a5 Ra1 50. Kh5 Rh1+ 51. Kg6 Rg1+ 52. Kh7 h5 53. Ne6 Bxe6
54. fxe6 Ng5+ 55. Kh6 Nxe6 56. a6 h4 57. Ra8+ Kd7 58. Ra7+ Ke8 59. Bd6 Kd8 60.
Re7 Nd4 61. Kh7 Nf5 62. a7 Ra1 63. Rb7 Nxd6 64. Rb8+ Kd7 65. a8=Q Rxa8 66. Rxa8
Ke6 67. Ra4 Nf5 68. Kg6 Ne7+ 69. Kg5 h3 70. Re4+ Kd6 71. Re3 h2 72. Rh3 Nd5 73.
Rxh2 Ke5 74. Re2+ Kd4 75. Kf5 Nc3 76. Rd2+ Ke3 77. Rd8 Ne2 78. Ke5 Nc3 79. Rd4
Ne2 80. Rh4 Kd3 81. Rh2 Nc3 82. Rh4 Ne2 83. Rh3+ Kc4 84. Rh8 Nc3 85. Rd8 Ne2 86.
Ke4 Nc3+ 87. Ke3 Nd5+ 88. Kf3 Kd4 89. Re8 Nc3 90. Rh8 Nd5 91. Rh4+ Ke5 92. Rh5+
Kd4 93. Rg5 Nc3 94. Rg4+ Kd5 95. Ke3 Ke6 96. Kd4 Nb5+ 97. Kc5 Nc7 98. Rg7 Ne8
99. Rg6+ Ke5 100. Rg5+ Ke6 101. Rg1 Nf6 102. Re1+ Kf5 103. Kd4 Nd7 104. Rf1+ Ke6
105. Rh1 Nf6 106. Re1+ Kf5 107. Re5+ Kf4 108. Ra5 Ng4 109. Ra8 Nf6 110. Ra6 Kf5
111. Rb6 Ng4 112. Rb3 Nf6 113. Re3 Ng4 114. Rf3+ Ke6 115. Rf1 Nf6 116. Ra1 Kf5
117. Ra8 Ke6 118. Rf8 Kf5 119. Kc5 Ke6 120. Kc6 Ke5 121. Rf7 Ke6 122. Ra7 Ke5
123. Ra4 Ne4 124. Ra5+ Kd4 125. Kd7 Nc5+ 126. Kc6 Ne4 127. Ra4+ Ke5 128. Ra5+
Kd4 129. Ra4+ 1/2-1/2

[Event "PRO League Group Stage"]
[Site "chess.com INT"]
[Date "2018.01.25"]
[Round "2"]
[White "Tang, Andrew"]
[Black "Mareco, Sandro"]
[Result "0-1"]
[WhiteTitle "IM"]
[BlackTitle "GM"]
[WhiteElo "2513"]
[BlackElo "2632"]
[WhiteTeam "Minnesota Blizzard"]
[BlackTeam "Buenos Aires Krakens"]
[WhiteFideId "2059630"]
[BlackFideId "112275"]
[EventDate "2018.01.18"]

1. d4 Nf6 2. c4 e6 3. Nc3 Bb4 4. Qc2 b6 5. e4 c5 6. d5 Qe7 7. Ne2 d6 8. Bd2 O-O
9. f3 a6 10. O-O-O b5 11. Ng3 Nbd7 12. dxe6 fxe6 13. cxb5 axb5 14. Nxb5 Rxa2 15.
Kb1 Ra6 16. Bxb4 cxb4 17. Nd4 Rb6 18. Nc6 Qe8 19. Na5 Ba6 20. Nc4 b3 21. Qc3
Bxc4 22. Bxc4 Nc5 23. e5 dxe5 24. Qxe5 Qg6+ 25. Ne4 Nfxe4 26. fxe4 Qxg2 27. Rc1
Nxe4 28. Bxe6+ Kh8 29. Rhd1 Nd2+ 30. Rxd2 Qxd2 31. Qc5 Qd3+ 0-1

[Event "PRO League Group Stage"]
[Site "chess.com INT"]
[Date "2018.01.25"]
[Round "2"]
[White "Petrosyan, Manuel"]
[Black "Reimanis, Ritvars"]
[Result "1-0"]
[WhiteTitle "GM"]
[BlackTitle "FM"]
[WhiteElo "2570"]
[BlackElo "2335"]
[WhiteTeam "Armenia Eagles"]
[BlackTeam "Riga Magicians"]
[WhiteFideId "13300857"]
[BlackFideId "11602988"]
[EventDate "2018.01.18"]

1. Nf3 e6 2. c4 d5 3. g3 c6 4. Bg2 f5 5. O-O Nf6 6. d3 Nbd7 7. Nc3 Bb4 8. Qc2
O-O 9. a3 Bxc3 10. Qxc3 Re8 11. b4 e5 12. cxd5 Nxd5 13. Qc2 h6 14. Bb2 Qe7 15.
e4 fxe4 16. dxe4 N5b6 17. Nh4 Nf8 18. Rad1 Bg4 19. Bf3 Bh3 20. Bg2 Bg4 21. Nf5
Bxf5 22. exf5 Nfd7 23. a4 Qxb4 24. a5 Qxa5 25. Qb3+ Kh7 26. Rd6 Rf8 27. Ra1 Qc5
28. Ba3 Qa5 29. Qb1 Qb5 30. Bb4 e4 31. Bxe4 Nf6 32. Bd3 Qe5 33. Re6 Qd4 34. Bxf8
Rxf8 35. Rxa7 Rf7 36. Rxc6 Nc4 37. Rxf6 Rxf6 38. Qxb7 Qxa7 39. Qxa7 Ne5 40. Be4
Nc4 41. Qd4 Nd6 42. g4 Nf7 43. h4 Kg8 44. Bd5 h5 45. g5 Rxf5 46. g6 Kh8 47. gxf7
Kh7 48. Be4 Kh8 49. Qd8+ Kh7 50. Bxf5+ Kh6 51. Qh8# 1-0

[Event "PRO League Group Stage"]
[Site "chess.com INT"]
[Date "2018.01.25"]
[Round "2"]
[White "Petrosyan, Manuel"]
[Black "Kantans, Toms"]
[Result "1/2-1/2"]
[WhiteTitle "GM"]
[BlackTitle "GM"]
[WhiteElo "2570"]
[BlackElo "2478"]
[WhiteTeam "Armenia Eagles"]
[BlackTeam "Riga Magicians"]
[WhiteFideId "13300857"]
[BlackFideId "11602945"]
[EventDate "2018.01.18"]

1. d4 Nf6 2. Nf3 g6 3. e3 Bg7 4. Be2 O-O 5. O-O d5 6. b4 a5 7. b5 c5 8. bxc6
Nxc6 9. a4 Bf5 10. Na3 Rc8 11. c3 Ne4 12. Nb5 g5 13. Ba3 Re8 14. Nd2 Qd7 15. Rc1
Red8 16. Nxe4 Bxe4 17. Bg4 Bf5 18. Bxf5 Qxf5 19. c4 h6 20. Qb3 Bf8 21. cxd5 Qxd5
22. Qxd5 Rxd5 23. Rc4 e6 24. Bxf8 Kxf8 25. Rfc1 Ke7 26. Kf1 Rcd8 27. Rc5 f5 28.
f3 Rxc5 29. Rxc5 f4 30. Ke2 fxe3 31. Kxe3 Kf6 32. Ke4 Rd7 33. h4 Ne7 34. hxg5+
hxg5 35. Rc7 Rxc7 36. Nxc7 Nc8 37. Nb5 Nb6 38. Nc3 Nc4 39. g4 Ke7 40. f4 gxf4
41. Kxf4 Kf6 42. Ne4+ Kg6 43. Nc5 Nb2 44. Nxb7 Nxa4 45. Nxa5 Nc3 46. Nc6 Ne2+
47. Ke3 Nc3 48. Kf3 Nb5 49. Kf4 Nxd4 50. Nxd4 e5+ 51. Kxe5 Kg5 52. Ke4 Kxg4 1/2-1/2

[Event "PRO League Group Stage"]
[Site "chess.com INT"]
[Date "2018.01.25"]
[Round "2"]
[White "Adair, James R"]
[Black "Klein, David"]
[Result "0-1"]
[WhiteTitle "IM"]
[BlackTitle "GM"]
[WhiteElo "2480"]
[BlackElo "2501"]
[WhiteTeam "London Lions"]
[BlackTeam "Amsterdam Mosquitoes"]
[WhiteFideId "406252"]
[BlackFideId "1003623"]
[EventDate "2018.01.18"]

1. e4 c5 2. Nf3 e6 3. d4 cxd4 4. Nxd4 Nc6 5. Nc3 Qc7 6. Be3 a6 7. Qf3 Nf6 8.
O-O-O b5 9. e5 Bb7 10. Nxe6 dxe6 11. exf6 g6 12. Qg3 Qa5 13. Kb1 h5 14. h4 Rc8
15. Be2 b4 16. Ne4 b3 17. Nd6+ Bxd6 18. Rxd6 Qxa2+ 19. Kc1 Nd4 20. Bd3 Rxc2+ 21.
Bxc2 Ne2+ 22. Kd2 Nxg3 23. fxg3 Qa5+ 24. Ke2 bxc2 25. Bb6 Qe5+ 0-1

[Event "PRO League Group Stage"]
[Site "chess.com INT"]
[Date "2018.01.25"]
[Round "2"]
[White "Adair, James R"]
[Black "Van der Lende, Ilias"]
[Result "0-1"]
[WhiteTitle "IM"]
[BlackTitle "FM"]
[WhiteElo "2480"]
[BlackElo "2332"]
[WhiteTeam "London Lions"]
[BlackTeam "Amsterdam Mosquitoes"]
[WhiteFideId "406252"]
[BlackFideId "1019260"]
[EventDate "2018.01.18"]

1. e4 e6 2. d4 d5 3. Nd2 Nc6 4. Ngf3 Nf6 5. e5 Nd7 6. Be2 f6 7. exf6 Qxf6 8. Nf1
Bd6 9. Ne3 b6 10. O-O Bb7 11. c4 Ne7 12. cxd5 Nxd5 13. Qa4 Nf4 14. Bb5 O-O 15.
Bxd7 Ne2+ 16. Kh1 Bxf3 17. gxf3 Qf4 18. Bxe6+ Kh8 0-1

[Event "PRO League Group Stage"]
[Site "chess.com INT"]
[Date "2018.01.25"]
[Round "2"]
[White "Ducarmon, Quinten"]
[Black "Harvey, Marcus R"]
[Result "0-1"]
[WhiteTitle "IM"]
[BlackTitle "FM"]
[WhiteElo "2472"]
[BlackElo "2349"]
[WhiteTeam "Amsterdam Mosquitoes"]
[BlackTeam "London Lions"]
[WhiteFideId "1025007"]
[BlackFideId "400092"]
[EventDate "2018.01.18"]

1. e4 e6 2. d4 d5 3. Nd2 c5 4. Ngf3 Nc6 5. c3 Nf6 6. e5 Nd7 7. Bd3 h6 8. a3 Qb6
9. O-O cxd4 10. cxd4 Nxd4 11. Nxd4 Qxd4 12. Nf3 Qb6 13. Qa4 Be7 14. Be3 Qd8 15.
Qg4 g5 16. Qh5 Nc5 17. Bb5+ Bd7 18. Bxd7+ Nxd7 19. Rac1 a6 20. Nd4 Nf8 21. f4
Rh7 22. f5 exf5 23. e6 f4 24. Bxf4 Qb6 25. exf7+ Rxf7 26. Be5 Qg6 27. Qh3 Rxf1+
28. Rxf1 Qe4 29. Bg7 Ng6 30. Qxh6 Nf4 31. Nf3 Qe2 32. Rf2 Qd1+ 33. Rf1 Bc5+ 34.
Nd4 Bxd4+ 35. Bxd4 Qxd4+ 36. Kh1 O-O-O 37. Qxg5 Nd3 38. Qg3 Re8 39. h3 Qe3 40.
Qd6 d4 41. b4 Nf2+ 42. Kh2 Ng4+ 43. Kh1 Ne5 44. a4 d3 45. b5 Rd8 46. Qe6+ Kb8
47. bxa6 d2 48. Kh2 Nf3+ 49. Rxf3 Qxe6 0-1

[Event "PRO League Group Stage"]
[Site "chess.com INT"]
[Date "2018.01.25"]
[Round "2"]
[White "Ducarmon, Quinten"]
[Black "Adair, James R"]
[Result "1-0"]
[WhiteTitle "IM"]
[BlackTitle "IM"]
[WhiteElo "2472"]
[BlackElo "2480"]
[WhiteTeam "Amsterdam Mosquitoes"]
[BlackTeam "London Lions"]
[WhiteFideId "1025007"]
[BlackFideId "406252"]
[EventDate "2018.01.18"]

1. e4 e6 2. d4 d5 3. Nd2 c5 4. Ngf3 cxd4 5. Nxd4 Nf6 6. exd5 Qxd5 7. N2f3 Nc6 8.
Nxc6 Qxc6 9. a4 Qc7 10. Bd3 Be7 11. O-O O-O 12. Re1 b6 13. b3 Nd5 14. Bb2 Nc3
15. Bxh7+ Kxh7 16. Qd3+ Kg8 17. Bxc3 Ba6 18. Qe3 Rfc8 19. Bd4 Qxc2 20. a5 bxa5
21. Rxa5 Bb7 22. Rh5 Qg6 23. Rh3 Bf6 24. Rg3 Bxd4 25. Qxd4 Qh6 26. Ng5 Bd5 27.
Qf4 Qh5 28. Rh3 Qg6 29. Rg3 Qf5 30. Qd4 f6 31. Nf3 Kf7 32. h3 Rc2 33. Nh4 Qh5
34. Ng6 Re2 35. Rc1 Kg8 36. Rc7 Re1+ 37. Kh2 Qd1 38. Qxd1 Rxd1 39. Ne7+ Kf8 40.
Nxd5 exd5 41. Rgxg7 d4 42. Rh7 Kg8 43. Rcg7+ Kf8 44. Rf7+ Kg8 45. Rfg7+ Kf8 46.
Rd7 Kg8 47. h4 d3 48. Kg3 d2 49. h5 Re1 50. h6 1-0

[Event "PRO League Group Stage"]
[Site "chess.com INT"]
[Date "2018.01.25"]
[Round "2"]
[White "He, Anthony"]
[Black "Ostrovskiy, Andrey"]
[Result "0-1"]
[WhiteTitle "FM"]
[BlackTitle "IM"]
[WhiteElo "2246"]
[BlackElo "2448"]
[WhiteTeam "Seattle Sluggers"]
[BlackTeam "Las Vegas Desert Rats"]
[WhiteFideId "2088215"]
[BlackFideId "14110326"]
[EventDate "2018.01.18"]

1. e4 e5 2. Nf3 Nc6 3. Bc4 Bc5 4. c3 Nf6 5. d3 a6 6. Bb3 d6 7. Nbd2 O-O 8. Nf1
Be6 9. Ng3 h6 10. O-O Ba7 11. Bc2 Re8 12. d4 Bg4 13. d5 Ne7 14. h3 Bd7 15. Nh4
Ng6 16. Nhf5 Nf4 17. Qf3 g6 18. Nxh6+ Kg7 19. Bxf4 exf4 20. Qxf4 Rh8 21. Ngf5+
gxf5 22. Qg5+ Kf8 23. Nxf5 Bxf5 24. Qxf5 Qe7 25. Rae1 Rh5 26. Qf3 Qe5 27. Kh1
Ke7 28. Qe2 Qf4 29. Bd1 Rah8 30. Qf3 Qe5 31. Qg3 Qxg3 32. fxg3 Re5 33. Bc2 Nd7
34. Rf4 Rg5 35. Ref1 Ne5 36. g4 Rxg4 37. Rf5 Rg3 38. Re1 a5 39. Kh2 Rhg8 40. Re2
b5 41. Rf4 Bc5 42. Bb1 b4 43. cxb4 axb4 44. Bc2 Bd4 45. Bb3 Nd3 46. Rf1 Bxb2 47.
Rc2 Bc3 0-1

[Event "PRO League Group Stage"]
[Site "chess.com INT"]
[Date "2018.01.25"]
[Round "2"]
[White "He, Anthony"]
[Black "Dominguez Perez, Leinier"]
[Result "1/2-1/2"]
[WhiteTitle "FM"]
[BlackTitle "GM"]
[WhiteElo "2246"]
[BlackElo "2739"]
[WhiteTeam "Seattle Sluggers"]
[BlackTeam "Las Vegas Desert Rats"]
[WhiteFideId "2088215"]
[BlackFideId "3503240"]
[EventDate "2018.01.18"]

1. e4 e5 2. Nf3 Nc6 3. Bc4 Bc5 4. c3 Nf6 5. d3 O-O 6. Bb3 d5 7. Qe2 a5 8. Ba4
dxe4 9. dxe4 Qe7 10. O-O h6 11. Nbd2 Nh5 12. Nc4 Bg4 13. h3 Ng3 14. Qd1 Rfd8 15.
Bd2 Nxf1 16. hxg4 Nxd2 17. Ncxd2 Qf6 18. Qe2 Ne7 19. Bb3 Ng6 20. g3 Rd7 21. Kg2
Rad8 22. Rh1 Bxf2 23. Qxf2 Rxd2 24. Nxd2 Qxf2+ 25. Kxf2 Rxd2+ 26. Ke3 Rd7 27.
Rf1 Kf8 28. Be6 Re7 29. Bf5 Nh8 30. g5 Re8 31. Rh1 g6 32. Rxh6 Kg7 33. Bg4 f6
34. Rh1 fxg5 35. Rd1 Re7 36. c4 Nf7 37. c5 Kf6 38. Rf1+ Kg7 39. Rd1 Kf8 40. a3
b6 41. cxb6 cxb6 42. Rc1 Nh6 43. Bc8 Rf7 44. Rc6 g4 45. Rxg6 Rf3+ 46. Ke2 Nf7
47. Be6 Rxg3 48. Rxg4 Rxg4 49. Bxg4 Ke7 50. Kd3 Nd6 51. Bh3 Kf6 52. Bf1 Kg5 53.
Ke3 Kg4 54. Bd3 Kg3 55. Bf1 Nf7 56. b4 axb4 57. axb4 Ng5 58. Bc4 Nf3 59. Be2 Ne1
60. Bd1 Ng2+ 61. Kd3 Kf4 62. Bh5 Ne3 63. Bg6 Kf3 64. Bh5+ Kf2 65. Bg6 Kf3 66.
Bh5+ Kf4 67. Bg6 Kf3 68. Bh5+ Kf4 69. Bg6 Kf3 70. Bh5+ Kf4 71. Bg6 Kf3 1/2-1/2

[Event "PRO League Group Stage"]
[Site "chess.com INT"]
[Date "2018.01.25"]
[Round "2"]
[White "Sebenik, Matej"]
[Black "Alekseenko, Kirill"]
[Result "0-1"]
[WhiteTitle "GM"]
[BlackTitle "GM"]
[WhiteElo "2551"]
[BlackElo "2594"]
[WhiteTeam "Ljubljana Turtles"]
[BlackTeam "Stockholm Snowballs"]
[WhiteFideId "14602296"]
[BlackFideId "4135539"]
[EventDate "2018.01.18"]

1. Nf3 d5 2. g3 c6 3. Bg2 Bf5 4. O-O e6 5. d3 Nf6 6. Nh4 Bg4 7. h3 Bh5 8. f4 Be7
9. Qe1 Nfd7 10. Nf3 f5 11. e4 O-O 12. Nc3 Nc5 13. Nh2 fxe4 14. dxe4 d4 15. Nd1
d3 16. g4 dxc2 17. Nf2 Bg6 18. Be3 Nd3 19. Nxd3 Qxd3 20. Rf2 Na6 21. Rd2 Qc4 22.
Qf1 Qxf1+ 23. Rxf1 Rad8 24. Rxc2 Nb4 25. Rc4 Nxa2 26. Ra4 Rd3 27. Bxa7 Nb4 28.
f5 exf5 29. gxf5 Bh5 30. Bb6 Rb3 31. Bd4 Nc2 32. Bc3 b5 33. Ra6 b4 34. Be5 Bc5+
35. Kh1 Bd4 36. Bd6 Rc8 37. e5 Ne3 38. Bxc6 Rxb2 39. Re1 Nxf5 40. Bd5+ Kh8 41.
Be6 Ng3# 0-1

[Event "PRO League Group Stage"]
[Site "chess.com INT"]
[Date "2018.01.25"]
[Round "2"]
[White "Sebenik, Matej"]
[Black "Agrest, Evgenij"]
[Result "1/2-1/2"]
[WhiteTitle "GM"]
[BlackTitle "GM"]
[WhiteElo "2551"]
[BlackElo "2584"]
[WhiteTeam "Ljubljana Turtles"]
[BlackTeam "Stockholm Snowballs"]
[WhiteFideId "14602296"]
[BlackFideId "1705024"]
[EventDate "2018.01.18"]

1. e4 c6 2. d4 d5 3. exd5 cxd5 4. c4 Nf6 5. Nc3 Be6 6. Nge2 dxc4 7. Nf4 Bg4 8.
f3 Bd7 9. Bxc4 e6 10. d5 e5 11. Nd3 Bd6 12. Be3 O-O 13. O-O Na6 14. Nf2 Nc5 15.
b4 Na6 16. a3 Rc8 17. Nce4 Nxe4 18. Nxe4 Bb8 19. Qb3 Bf5 20. d6 Bxd6 21. Rad1
Bxe4 22. fxe4 Qe7 23. Bxf7+ Rxf7 24. Rxd6 Rf8 25. Rxf7 Rxf7 26. Qd5 h6 27. Re6
Qf8 28. Rxe5 Nc7 29. Qc4 b5 30. Qd3 Kh8 31. h3 a6 32. Bc5 Qc8 33. Qd6 Kh7 34.
Bb6 Ne8 35. Qc5 Qd7 36. Qd5 Nf6 37. Qxd7 Rxd7 38. Re6 Rd3 39. e5 Ne4 40. Ba5
Rd1+ 41. Kh2 h5 42. h4 Rd3 43. Rxa6 Nf2 44. g3 Ng4+ 45. Kg2 Nxe5 46. Rb6 Rd2+
47. Kf1 Nf3 48. Rxb5 Nh2+ 49. Ke1 Nf3+ 50. Kf1 Nh2+ 51. Ke1 Nf3+ 52. Kf1 1/2-1/2

[Event "PRO League Group Stage"]
[Site "chess.com INT"]
[Date "2018.01.25"]
[Round "2"]
[White "Robson, Ray"]
[Black "Chen, Forest"]
[Result "1-0"]
[WhiteTitle "GM"]
[WhiteElo "2645"]
[BlackElo "2107"]
[WhiteTeam "Webster Windmills"]
[BlackTeam "Saint Louis Arch Bishops"]
[WhiteFideId "2023970"]
[BlackFideId "30908205"]
[EventDate "2018.01.18"]

1. e4 c6 2. d4 d5 3. exd5 cxd5 4. Bd3 Nc6 5. c3 Nf6 6. Bf4 Bg4 7. Qb3 Qd7 8. Nd2
e6 9. Ngf3 Bd6 10. Bxd6 Qxd6 11. O-O O-O 12. Rae1 Rab8 13. Ne5 Bf5 14. Bxf5 exf5
15. Qc2 g6 16. Nd3 Rfe8 17. Nf3 Ne4 18. Nfe5 f6 19. Nxc6 Qxc6 20. f3 Nd6 21. Nb4
Qb5 22. a4 Qa5 23. h4 Nc4 24. Qc1 Kg7 25. Rxe8 Rxe8 26. Re1 Qxa4 27. b3 Rxe1+
28. Qxe1 Qxb3 29. Qe7+ Kh6 30. Nxd5 Qa3 31. Qf7 Ne3 32. Nxf6 Qc1+ 33. Kh2 Ng4+
34. Nxg4+ fxg4 35. fxg4 Qe1 36. Qf8# 1-0

[Event "PRO League Group Stage"]
[Site "chess.com INT"]
[Date "2018.01.25"]
[Round "2"]
[White "Robson, Ray"]
[Black "Akobian, Varuzhan"]
[Result "0-1"]
[WhiteTitle "GM"]
[BlackTitle "GM"]
[WhiteElo "2645"]
[BlackElo "2647"]
[WhiteTeam "Webster Windmills"]
[BlackTeam "Saint Louis Arch Bishops"]
[WhiteFideId "2023970"]
[BlackFideId "13300580"]
[EventDate "2018.01.18"]

1. e4 e6 2. d4 d5 3. Nc3 Bb4 4. e5 c5 5. a3 Bxc3+ 6. bxc3 Ne7 7. a4 Qc7 8. Nf3
b6 9. Bb5+ Bd7 10. Bd3 h6 11. O-O Nbc6 12. Re1 O-O 13. Bf4 cxd4 14. Nxd4 Nxd4
15. cxd4 f5 16. exf6 Qxf4 17. fxe7 Rf6 18. Re2 Re8 19. a5 b5 20. c3 Rxe7 21. Qb3
a6 22. Rae1 Re8 23. Bb1 Rc8 24. Qb4 Be8 25. Qb2 Bf7 26. g3 Qc7 27. Re3 Qxa5 28.
f4 Bg6 29. Bxg6 Rxg6 30. Qg2 Rxc3 31. f5 Rxe3 32. Rxe3 Qa1+ 33. Kf2 Rf6 34. g4
Qxd4 35. Qg3 exf5 36. Qb8+ Rf8 0-1

[Event "PRO League Group Stage"]
[Site "chess.com INT"]
[Date "2018.01.25"]
[Round "2"]
[White "Liang, Awonder"]
[Black "Van Kampen, Robin"]
[Result "1-0"]
[WhiteTitle "GM"]
[BlackTitle "GM"]
[WhiteElo "2572"]
[BlackElo "2646"]
[WhiteTeam "Pittsburgh Pawngrabbers"]
[BlackTeam "Montreal Chessbrahs"]
[WhiteFideId "2056437"]
[BlackFideId "1020854"]
[EventDate "2018.01.18"]

1. e4 g6 2. d4 Bg7 3. Nc3 d6 4. Be3 a6 5. h4 h5 6. Qd2 b5 7. O-O-O Nd7 8. Nh3
Nb6 9. Ng5 b4 10. Ne2 Nc4 11. Qxb4 Nxe3 12. fxe3 Nh6 13. Nf4 O-O 14. Bc4 e6 15.
Rh3 Ng4 16. Rg3 Bh6 17. Nfh3 Qe7 18. e5 c5 19. dxc5 dxe5 20. Be2 f6 21. Bxg4
hxg4 22. Qxg4 fxg5 23. Qe4 Ra7 24. Qxg6+ Qg7 25. Qh5 Qh8 26. Nxg5 Rg7 27. Qg4
Bxg5 28. hxg5 Qh7 29. g6 Qh6 30. c6 e4 31. b3 Rc7 32. Qxe4 Qg7 33. Kb1 Qc3 34.
Rh1 Qxc6 35. Qxc6 Rxc6 36. g7 1-0

[Event "PRO League Group Stage"]
[Site "chess.com INT"]
[Date "2018.01.25"]
[Round "2"]
[White "Liang, Awonder"]
[Black "Kleinman, Michael"]
[Result "1-0"]
[WhiteTitle "GM"]
[BlackTitle "IM"]
[WhiteElo "2572"]
[BlackElo "2394"]
[WhiteTeam "Pittsburgh Pawngrabbers"]
[BlackTeam "Montreal Chessbrahs"]
[WhiteFideId "2056437"]
[BlackFideId "2609479"]
[EventDate "2018.01.18"]

1. e4 c6 2. Nf3 d5 3. Nc3 a6 4. d4 Bg4 5. h3 Bh5 6. exd5 cxd5 7. g4 Bg6 8. h4 h6
9. Ne5 Bh7 10. g5 Nc6 11. g6 fxg6 12. Bh3 Nf6 13. Be6 Bg8 14. Bxg8 Nxe5 15. dxe5
Nxg8 16. Qg4 Qb6 17. Be3 Qxb2 18. Kd2 d4 19. Bxd4 g5 20. Rab1 Qa3 21. Rxb7 e6
22. Qh5+ Kd8 23. Bb6+ 1-0